00806nam a2200241 a 45000010005000000030008000050050017000130080039000300350018000690400036000870410008001230820025001311000019001562450063001752600049002383000027002874900065003145040041003796500027004206500025004476500026004728300066004987054BD-RjUL20211208234347.0140113s1968 nyua b 001 0 eng a(BD-RjUL)7096 aDLC/ICUcICUdDLCdBD-RjULbeng aeng00a530.13223bBES 19681 aBeran, Mark J.10aStatistical continuum theories /cMark J. Beran.nVOLUME 9 aNew York :bInterscience Publishers,cc1968. a424p :bill. ;c23 cm. aMonographs in statistical physics and thermodynamics,vv. 9. aBibliography: p. 415-420. and index. 0aStatistical mechanics. 0aContinuum mechanics. 0aFunctional equations. aMonographs in statistical physics and thermodynamics,v v. 9.